Security in British Politics 1945-99 : (Record no. 618748)

MARC details
000 -LEADER
fixed length control field 00518nam a2200193 a 4500
008 - FIXED-LENGTH DATA ELEMENTS--GENERAL INFORMATION
fixed length control field 260407s2000##################000#0#eng##
020 ## - INTERNATIONAL STANDARD BOOK NUMBER
ISBN 9780333747216
082 04 - DEWEY DECIMAL CLASSIFICATION NUMBER
Classification number 355.033041
Item number KEO
100 1# - MAIN ENTRY--AUTHOR NAME
Personal name Keohane, D.,
245 10 - TITLE STATEMENT
Title Security in British Politics 1945-99 :
260 ## - PUBLICATION, DISTRIBUTION, ETC. (IMPRINT)
Name of publisher Palgrave Macmillan,
Year of publication 2000.
300 ## - PHYSICAL DESCRIPTION
Number of Pages 240 pages
650 #0 - SUBJECT ADDED ENTRY--TOPICAL TERM
Topical Term Political Science.
942 ## - ADDED ENTRY ELEMENTS (KOHA)
Koha item type English Books
Holdings
Withdrawn status Lost status Damaged status Not for loan Home library Current library Shelving location Date acquired Full call number Accession Number Price effective from Koha item type
        Anna Centenary Library Anna Centenary Library 4TH FLOOR, A WING 07.04.2026 355.033041 KEO 308760 07.04.2026 English Books

Find us on the map